Диалог: роман

Dades bibliogràfiques
Autor principal: Спаре В. Велта
Altres autors: Ругайс В. Виола (переводчик)
Sumari:Исключено из фонда НТБ ТПУ
Idioma:rus
Publicat: Москва, Советский писатель, 1985
Format: MixedMaterials Llibre
KOHA link:https://koha.lib.tpu.ru/cgi-bin/koha/opac-detail.pl?biblionumber=150140

MARC

LEADER 00000nam0a2200000 4500
001 150140
005 20231031150117.0
035 |a (RuTPU)RU\TPU\book\162754 
090 |a 150140 
100 |a 20081226d1985 m y0rusy50 ca 
101 1 |a rus  |c lav 
102 |a RU 
105 |a c z 000ay 
200 1 |a Диалог  |e роман  |f В. Спаре  |g пер. с латыш. В. Ругайс 
210 |a Москва  |c Советский писатель  |d 1985 
215 |a 248 с.  |c портр. 
333 |a Исключено из фонда НТБ ТПУ 
700 1 |a Спаре  |b В.  |g Велта 
702 1 |a Ругайс  |b В.  |g Виола  |4 730 
801 1 |a RU  |b 63413507  |c 20081226  |g PSBO 
801 2 |a RU  |b 63413507  |c 20220602  |g RCR 
942 |c BK